Vista normal
Vista MARC
Entrada Nombre personal
Número de registros utilizados en: 6
001 - NÚMERO DE CONTROL
- campo de control: 12
003 - IDENTIFICADOR DEL NÚMERO DE CONTROL
- campo de control: AR-RoIUNI
005 - FECHA Y HORA DE LA ÚLTIMA TRANSACCIÓN
- campo de control: 20180730121434.0
008 - DATOS DE LONGITUD FIJA
- campo de control de longitud fija: 821208s1962 mau 000 0 eng
010 ## - NÚMERO DE CONTROL DE LA BIBLIOTECA DEL CONGRESO
- Número de control de LC: unk82029506
040 ## - FUENTE DE LA CATALOGACIÓN
- Centro catalogador/agencia de origen: DLC
- Centro/agencia transcriptor: CarP
- Centro/agencia modificador: DLC
050 00 - SIGNATURA TOPOGRÁFICA DE LA BIBLIOTECA DEL CONGRESO
- Número de clasificación: DT283
- Número de documento/Ítem: .B623
100 1# - ENCABEZAMIENTO-NOMBRE DE PERSONA
- Nombre de persona: Bourdieu, Pierre,
- Fechas asociadas al nombre: 1930-2002.
260 ## - REFERENCIA COMPLEJA DE VÉASE--MATERIA
- Encabezamiento referido a: Boston,

